Письма к Тургеневу

Sonraí bibleagrafaíochta
Príomhchruthaitheoir: Анненков П. В. Павел Васильевич
Údar corparáideach: Российская академия наук
Teanga:Rúisis
Foilsithe / Cruthaithe: СПб., Наука, 2005-
Sraith:Литературные памятники
Formáid: LEABHAR
KOHA link:https://koha.lib.tpu.ru/cgi-bin/koha/opac-detail.pl?biblionumber=92229

MARC

LEADER 00000nam1a2200000 4500
001 92229
005 20231031104600.0
035 |a (RuTPU)RU\TPU\book\98831 
090 |a 92229 
100 |a 20060310d2005 m y0rusy50 ca 
101 0 |a rus 
102 |a RU 
200 1 |a Письма к Тургеневу  |f П. В. Анненков  |g Российская академия наук 
210 |a СПб.  |c Наука  |d 2005- 
225 1 |a Литературные памятники 
700 1 |a Анненков  |b П. В.  |g Павел Васильевич 
712 0 2 |a Российская академия наук  |2 stltpush  |3 (RuTPU)RU\TPU\col\51 
801 1 |a RU  |b 63413507  |c 20060310  |g PSBO 
801 2 |a RU  |b 63413507  |c 20220317  |g PSBO 
942 |c BK